00871nam a22002537a 4500003000400000005001700004008004100021020002900062040000800091082001600099100001900115245015000134250001200284260002800296300002200324500001900346650002400365650003400389700002600423700002200449942000900471952012200480999001500602IIN20250430120748.0250430s2024 |||ad||| |||| 001 0 eng d a9789393885944cRs.750.00 aIIN a610.73bVEN aVenkatesan, B. aComprehensive Text Book on Nursing Foundation for General Nursing and Midwifery Course/cB. Venkatesan, Chinnasamy Azhagesan and C. Shanmugapriya a2nd ed. aBengalurubEMMESSc2024 axiv, 460 p.bill. aIncludes Index aNursingvFoundation aMidwifery NursingvFoundation aAzhagesan, Chinnasamy aShanmugapriya, C. cBOOK 00102ddc40708PURCHaIINbIINcGENd2025-03-11g750.00l0o610.73 VENp1952r2025-04-30 12:08:17w2025-04-30yBOOK c1779d1779